LEADER 01440nam a2200301 i 4500 001 000000073581 003 CaOOAMICUS 005 20250910145901.0 008 090708s1982 ne u000 u mul u 013 $a44753 020 $a0-444-86269-2 040 $aSeMil$bita 245 10$a9.1. 260 $aAmsterdam ; Oxford :$bNorth Holland,$c1982. 300 $aviii, 506 p. :$bfacs. ;$c26 cm. 500 $aContiene: Epistola de interdictio esu carnium, In epistolam de delectu ciborum scholia, Spongia adversus aspergines Hutteni, Detectio praestigiarum, Epistola contra pseudevangelicos, Epistola ad fratres inferioris Germaniae, Purgatio adversus epistolam non sobriam Martini Lutheri / ed. C. Augustijn. 700 0 $aErasmus, Desiderius ,$d.$0(OLS)http://semarc/name/89173 700 1 $aAugustijn, Cornelis,$d<1928- >.$0(OLS)http://semarc/name/36370 773 0 $tOpera omnia Desiderii Erasmi Roterodami. [Ordo nonus].$dAmsterdam [etc.] : North Holland : [poi]... Elsevier $g1$w()9959 850 $aSeMil 852 $aSeMil$W1$xVenegono$y1$m2Q VI 45/1$j39733$B39733$CSeMilBibl$Z2$F39737 $81 900 0 $aErasmo : da Rotterdam. 941 1 $a4 996 $6020$a0-444-86269-2$9(OLS)http://semarc/number/53103 996 $6245$a9.1$9(OLS)http://semarc/title/118813 996 $6260$aAmsterdam ; Oxford :$bNorth Holland$9(OLS)http://semarc/publisher/43111 LEADER 00958nam a2200229 i 4500 001 000000077863 003 CaOOAMICUS 005 20170206000000.0 008 170206s1836 it u000 u ita u 013 $a50100 040 $aSeMil$bita 100 1 $aCattaneo, Niccolò Eustachio .$0(OLS)http://semarc/name/90975 245 10$aFrusta musicale, ossia Lettere sugli abusi introdotti nella musica /$cdi d. Niccolò Eustachio Cattaneo. 260 $aMilano :$bLuigi di Giacomo Pirola,$c1836. 300 $aXXIV, 189 p. ;$c20 cm. 650 4$aMusica.$0(OLS)http://semarc/subject/6142 850 $aSeMil 852 $aSeMil$W1$xVenegono$y1$m3Q II 6 FA$j43934$B43934$CSeMilBibl$Z2$F45459 $8I 941 1 $a10 961 $aRecupero: Mantegazza 996 $6245$aFrusta musicale, ossia Lettere sugli abusi introdotti nella musica$9(OLS)http://semarc/title/402814 996 $6260$aMilano :$bLuigi di Giacomo Pirola$9(OLS)http://semarc/publisher/33430